Powerpuff Girls Theme Song - Statistics

General Stats
  • This quiz has been taken 897 times
  • The average score is 7 of 11
Answer Stats
Hint Answer % Correct
Sugar, spice, and __________ nice everything
97%
Chemical _ X
89%
To create the _______ little girl perfect
85%
Thus, The Powerpuff Girls were ____ born
81%
These were the ___________ chosen ingredients
81%
Using their ultra _____ ______ super powers
59%
_______, _______, and _________ Blossom, Bubbles, Buttercup
56%
Have dedicated their lives to ________ _____ fighting crime
47%
But Professor _______ accidentally Utonium
46%
Added an extra ingredient to the __________ concoction
36%
And the ______ __ ____ forces of evil
35%
No matching quizzes found
Score Distribution
Percent of People with Each Score
Percentile by Number Answered
Your Score History
You have not taken this quiz